Revueltas y revoluciones en la Edad Moderna. (Record no. 6446)

MARC details
000 -LEADER
campo de control de longitud fija 00773nam a2200253 i 4500
001 - NÚMERO DE CONTROL
campo de control 6446
003 - IDENTIFICADOR DE NÚMERO DE CONTROL
campo de control ES-MaACL
005 - FECHA Y HORA DE LA ÚLTIMA TRANSACCIÓN
campo de control 20250818075112.0
007 - CAMPO FIJO DE DESCRIPCIÓN FÍSICA--INFORMACIÓN GENERAL
campo de control de longitud fija t|
008 - DATOS DE LONGITUD FIJA--INFORMACIÓN GENERAL
campo de control de longitud fija 891122s1985 sp |||| | spa d
020 ## - NÚMERO INTERNACIONAL ESTÁNDAR DEL LIBRO
Número Internacional Estándar del Libro 84-376-0564-4
080 ## - NÚMERO DE LA CLASIFICACIÓN DECIMAL UNIVERSAL
Número de la Clasificación Decimal Universal 323.272(4)"15/16"
080 ## - NÚMERO DE LA CLASIFICACIÓN DECIMAL UNIVERSAL
Número de la Clasificación Decimal Universal 940"15/16"
100 1# - ENTRADA PRINCIPAL--NOMBRE DE PERSONA
Nombre de persona Zagorin, Pérez.
9 (RLIN) 162627
245 10 - MENCIÓN DEL TÍTULO
Título Revueltas y revoluciones en la Edad Moderna.
Número de parte o sección de la obra 1 /
Mención de responsabilidad, etc. Perez Zagorin.
260 ## - PUBLICACIÓN, DISTRIBUCIÓN, ETC.
Lugar de publicación, distribución, etc. Madrid :
Nombre del editor, distribuidor, etc. Cátedra,
Fecha de publicación, distribución, etc. 1985.
300 ## - DESCRIPCIÓN FÍSICA
Extensión 1 v. (325 p.) ;
Dimensiones 21 cm.
490 1# - MENCIÓN DE SERIE
Mención de serie Historia.
-- Serie menor
505 8# - NOTA DE CONTENIDO CON FORMATO
Nota de contenido con formato Contiene: 1 ;
Título Movimientos campesinos y urbanos
650 14 - PUNTO DE ACCESO ADICIONAL DE MATERIA--TÉRMINO DE MATERIA
Término de materia o nombre geográfico como elemento de entrada Revoluciones-
Subdivisión de forma Historia
9 (RLIN) 16901
830 0# - PUNTO DE ACCESO ADICIONAL DE SERIE-TÍTULO UNIFORME
Título uniforme Historia.
-- Serie menor
9 (RLIN) 178513
852 ## - LOCALIZACIÓN
Ubicación ES-MaACL
Número de control de estantería L-13538
Nota libre - enc. rust.
Holdings
Estatus retirado Estado de pérdida Estado de daño No para préstamo Biblioteca de origen Biblioteca actual Ubicación en estantería Fecha de adquisición Fuente de adquisición Total de préstamos Signatura topográfica completa Código de barras Visto por última vez Precio de reemplazo Tipo de ítem Koha
        Biblioteca del Ateneo de Madrid Biblioteca del Ateneo de Madrid Depósito 2 17/01/2008     L-13538 1006565 23/02/2023 23/02/2023 Libro impreso